000 00892cam a22002891 4500
001 6089391
003 OSt
005 20140310182656.0
008 790215s1958 ilu 000 0 eng
010 _a 61000588
035 _a(OCoLC)4658613
040 _aDLC
_cOk
_dOCoLC
_dDLC
042 _apremarc
050 0 0 _aBV 45312
_b.G738 1958
082 _aM 248.83
_bG76 1958
100 1 _aGraham, Billy,
_d1918-
245 1 0 _aBilly Graham talks to teen-agers.
_cGraham, Billy
260 _aWheaton, Ill.,
_bMiracle Books; distributed by Zondervan Pub. House, Grand Rapids
_c[c1958]
300 _a60 p.
_c19 cm.
521 _ahighschool to college students
526 _c1210L to 1700L
541 _j1
562 _efor circulation : 1 copy in the collection
650 0 _aYouth
_xReligious life.
906 _a7
_bcbc
_coclcrpl
_du
_encip
_f19
_gy-gencatlg
942 _2lcc
_cBK
_kM
999 _c15112
_d15112